000 00978cam a22003013a 4500
001 2673
003 PGUSA
005 20140828083020.0
008 010601s2001||||xxu|||||s|||||000 | eng d
040 _aPGUSA
_beng
042 _adc
050 4 _aPS
100 1 _aWarner, Charles Dudley,
_d1829-1900
245 1 4 _aThe Complete Writings of Charles Dudley Warner — Volume 3
_h[electronic resource] /
_cCharles Dudley Warner
260 _bProject Gutenberg,
_c2001
505 0 _aIn the wilderness -- How spring came to New England -- Captain John Smith -- Pocahontas
506 _aPublic domain in the USA.
516 _aElectronic text
653 _aNew England -- Climate
653 _aPocahontas, d. 1617
653 _aSpring
653 _aSmith, John, 1580-1631
653 _aBiography
653 _aAdirondack Mountains (N.Y.) -- Description and travel
830 0 _aProject Gutenberg
_v2673
856 4 0 _uhttp://www.gutenberg.org/ebooks/2673
942 _cEB
999 _c232006
_d232006